The population game - Statistics

General Stats
  • This quiz has been taken 28 times
  • The average score is 20 of 25
Answer Stats
Question Tile Select % Correct
countries who have a population of atleast 5 million people. China Yes
100%
countries who have a population of atleast 5 million people. Kuwait No
100%
countries who have a population of atleast 5 million people. Pakistan Yes
100%
countries who have a population of atleast 5 million people. Palau No
100%
countries who have a population of atleast 5 million people. Canada Yes
95%
countries who have a population of atleast 5 million people. Lithuania No
95%
countries who have a population of atleast 5 million people. Chile Yes
91%
countries who have a population of atleast 5 million people. Indonesia Yes
91%
countries who have a population of atleast 5 million people. Qatar No
91%
countries who have a population of atleast 5 million people. Peru Yes
86%
countries who have a population of atleast 5 million people. Slovenia No
86%
countries who have a population of atleast 5 million people. Bhutan No
82%
countries who have a population of atleast 5 million people. Central African Republic Yes
82%
countries who have a population of atleast 5 million people. Hungary Yes
82%
countries who have a population of atleast 5 million people. Gabon No
77%
countries who have a population of atleast 5 million people. Georgia No
73%
countries who have a population of atleast 5 million people. Mozambique Yes
73%
countries who have a population of atleast 5 million people. Denmark Yes
68%
countries who have a population of atleast 5 million people. Namibia No
68%
countries who have a population of atleast 5 million people. Paraguay Yes
68%
countries who have a population of atleast 5 million people. Croatia No
59%
countries who have a population of atleast 5 million people. Nepal Yes
59%
countries who have a population of atleast 5 million people. Panama No
59%
countries who have a population of atleast 5 million people. New Zealand Yes
55%
countries who have a population of atleast 5 million people. Tajikistan Yes
41%
No matching quizzes found
Score Distribution
Percent of People with Each Score
Percentile by Number Answered
Your Score History
You have not taken this quiz